Normal view MARC view
  • Quesada Castillo, Rocío

Entry Nombre Personal

Number of records used in: 25

001 - NUMERO DE CONTROL

  • campo de control: 29585

003 - IDENTIFICADOR DE NUMERO DE CONTROL

  • campo de control: DLC

005 - FECHA Y HORA DE LA ÜLTIMA TRANSACCIÓN

  • campo de control: 20221123092504.0

008 - DATOS DE LONGITUD FIJA

  • campo de control de longitud fija: 221123n| acannaabn |a aaa c

010 ## - NÚMERO DE CONTROL DE LA BIBLIOTECA DEL CONGRESO

  • Número de control LC: no2003031952
  • Número de Control LC Cancelado/inválido: no2003032395

035 ## - NUMERO DE CONTROL

  • Número de control: (OCoLC)oca06013409

040 ## - FUENTE DE CATALOGACIÓN

  • Agencia original de catalogación: MX-SlUA
  • Lenguaje de catalogación: spa
  • Agencia de transcripción: MX-SlUA
  • Agencia que lo modifica: DLC
  • Agencia que lo modifica: MX-MxUPN

100 1# - ENCABEZAMIENTO - NOMBRE PERSONAL

  • Nombre personal: Quesada Castillo, Rocío

400 1# - VEÁSE - NOMBRE DE PERSONA

  • Personal name: Castillo, Rocío Quesada

670 ## - FUENTE EN LA QUE SE LOCALIZARON DATOS

  • Cita de la fuente: Estrategias para el aprendizaje significativo, c2002:
  • Información localizada: portada (Rocío Quesada Castillo)

902 ## - CATALOGADOR

  • Catalogador: NDAF/231122